Online
Catalog

Campo académico de la comunicación : (Record no. 24257)

MARC details
000 -CABECERA
campo de control de longitud fija 02294nam a2200253 a 4500
001 - NÚMERO DE CONTROL
campo de control 000024764
005 - FECHA Y HORA DE LA ÚLTIMA TRANSACCIÓN
campo de control 20250714091949.0
008 - DATOS DE LONGITUD FIJA--INFORMACIÓN GENERAL
campo de control de longitud fija 110203s1995 sp r 000 | spa d
020 ## - NÚMERO INTERNACIONAL ESTÁNDAR DEL LIBRO
Número Internacional Estándar del Libro 9686101454
040 ## - FUENTE DE LA CATALOGACIÓN
Centro catalogador/agencia de origen DO-SdBNP
Lengua de catalogación spa
Centro/agencia transcriptor BNPHU
245 00 - MENCIÓN DE TÍTULO
Título Campo académico de la comunicación :
Resto del título hacia una reconstrucción reflexiva /
Mención de responsabilidad, etc. coordinadores Jesús Galindo y Carlos Luna.
260 ## - PUBLICACIÓN, DISTRIBUCIÓN, ETC.
Lugar de publicación, distribución, etc. México, D. F. :
Nombre del editor, distribuidor, etc. Instituto Tecnológico y de Estudios Superiores de Occidente,
Fecha de publicación, distribución, etc. 1995.
300 ## - DESCRIPCIÓN FÍSICA
Extensión 326 p. ;
Dimensiones 21 cm.
490 1# - MENCIÓN DE SERIE
Mención de serie Pensar la Cultura
505 0# - NOTA DE CONTENIDO CON FORMATO
Título Presentación
-- La institucionalización académica de las ciencias de la comunicación: campos, disciplina, profesiones /
Mención de responsabilidad Raúl Fuentes Navarro
Título La investigación de la comunicación en tiempos neoliberales. Nuevos retos y posibilidades /
Mención de responsabilidad Enrique E. Sánchez Ruiz
Título La comunicación percibida. El campo académico de la comunicación /
Mención de responsabilidad Jesús Galindo Cáceres
Título Pensar la ciudad desde la comunicación. Un ejercicio necesario /
Mención de responsabilidad Rossana Reguillo
Título Enseñanza de la comunicación: tensiones y desencuentros /
Mención de responsabilidad Carlos E. Luna Cortés
Título El humanismo en las escuelas de comunicación y el saber filosófico /
Mención de responsabilidad Francisco Prieto
Título Eros, ethos y pathos académicos. Acercamiento impresionista a algunas de las dimensiones de la relación maestro-alumno en las escuelas de comunicación /
Mención de responsabilidad Ángela María Godoy Fajardo
Título Enseñanza profesional de la comunicación: estrategias curriculares de la comunicación y mediaciones metodologías /
Mención de responsabilidad Carlos E. Luna Cortés
Título Mercado ocupacional y el profesional de la comunicación /
Mención de responsabilidad Margarita Reyna Ruiz
Título Desafíos pedagógicos de la formación profesional del comunicador: modernización y democracia /
Mención de responsabilidad Guillermo Orozco Gómez
Título La comunicación como mentalidad y como forma de vida. Juego de saberes y sentidos sobre lo humano y lo social /
Mención de responsabilidad Jesús Galindo Cáceres
Título Anexo. Bibliografía general del campo académico de la comunicación en México (1986-1994) /
Mención de responsabilidad Raúl Fuentes Navarro
650 #0 - PUNTO DE ACCESO ADICIONAL DE MATERIA--TÉRMINO DE MATERIA
Término de materia o nombre geográfico como elemento de entrada Socialismo
9 (RLIN) 287
650 #4 - PUNTO DE ACCESO ADICIONAL DE MATERIA--TÉRMINO DE MATERIA
Término de materia o nombre geográfico como elemento de entrada Nacional socialismo
9 (RLIN) 50815
650 #4 - PUNTO DE ACCESO ADICIONAL DE MATERIA--TÉRMINO DE MATERIA
Término de materia o nombre geográfico como elemento de entrada Comunismo
9 (RLIN) 2880
650 #0 - PUNTO DE ACCESO ADICIONAL DE MATERIA--TÉRMINO DE MATERIA
Término de materia o nombre geográfico como elemento de entrada Sindicalismo
9 (RLIN) 7274
650 #4 - PUNTO DE ACCESO ADICIONAL DE MATERIA--TÉRMINO DE MATERIA
Término de materia o nombre geográfico como elemento de entrada Sistemas económicos
9 (RLIN) 7422
700 1# - PUNTO DE ACCESO ADICIONAL--NOMBRE DE PERSONA
Nombre de persona Galindo, Jesús
9 (RLIN) 50816
700 1# - PUNTO DE ACCESO ADICIONAL--NOMBRE DE PERSONA
Nombre de persona Luna, Carlos
9 (RLIN) 50817
710 2# - PUNTO DE ACCESO ADICIONAL--NOMBRE DE ENTIDAD CORPORATIVA
Nombre de entidad corporativa o nombre de jurisdicción como elemento de entrada Consejo Nacional para la Cultura y las Artes
9 (RLIN) 47134
Holdings
Estado de retiro Estado de pérdida Restricciones de uso No para préstamo Código de colección Localización permanente Ubicación/localización actual Ubicación en estantería Fecha de adquisición Número de inventario Total de préstamos Signatura topográfica completa Código de barras Fecha visto por última vez Precio válido a partir de Tipo de ítem Koha
      Excluido de préstamo Monografías: Libros y Folletos General General Depósito 03.02.2011 LF1   24764-10 25.06.2020 25.06.2020 No se presta
        Monografías: Libros y Folletos General General Orden iniciada 29.05.2017 LF1   24764-20 25.06.2020 25.06.2020 No se presta

Powered by Koha